ConScientiae saúde

Detalles Bibliográficos
Autor Corporativo: Universidade Nove de Julho. Departamento de Ciências da Saúde
Formato: Electrónico Revista
Lenguaje:portugués
Publicado: São Paulo, Brasil : Universidade Nove de Julho, Departamento de Ciências da Saúde, [2002]-
Materias:
Acceso en línea:Full text available from Research Library: 01/01/2012 to present

MARC

LEADER 00000nas a2200000 i 4500
001 ssj0000394497
003 WaSeSS
005 20200512172242.0
006 m d
007 cr n
008 081024c20029999bl qr p s 0 0por c
010 |a  2014263065 
016 7 |a 2654616-4  |2 DE-600 
022 |a 1983-9324  |l 1677-1028 
035 |a (WaSeSS)ssj0000394497 
037 |b ConScientiae Saúde, Rua Vergueiro, 235 e 249, Liberdade São Paulo, SP, Brasil 
040 |a CGU  |b eng  |e pn  |c CGU  |d OCLCQ  |d HEBIS  |d OCLCQ  |d CUD  |d OCLCO  |d OCLCF  |d CUS  |d OCLCQ  |d OCLCO  |d TXA  |d OCLCO  |d TXA  |d COO  |d OCLCA  |d IUL  |d OCLCO  |d OCLCA  |d AU@  |d VT2  |d OCLCQ  |d WaSeSS 
041 0 |a por  |b eng 
042 |a pcc 
050 1 4 |a R21  |b .C6675 
245 0 0 |a ConScientiae saúde  |h [electronic resource]. 
246 1 |a Con Scientiae saúde 
260 |a São Paulo, Brasil :  |b Universidade Nove de Julho, Departamento de Ciências da Saúde,  |c [2002]- 
310 |a Quarterly,  |b 2008- 
321 |a Annual,  |b 2002-2006 
321 |a Semiannual,  |b 2007 
362 1 |a Began with: Vol. 1 (2002). 
506 |a License restrictions may limit access. 
525 |a Has supplements. 
546 |a In Portuguese, with abstracts also in English. 
588 |a Description based on: Vol. 1 (2002); title from first page of PDF (uninove site, viewed September 26, 2014). 
588 |a Latest issue consulted: Vol. 13, no 2 (2014) (uninove site, viewed September 26, 2014). 
650 0 |a Medical sciences  |v Periodicals. 
650 7 |a Medical sciences.  |2 fast  |0 (OCoLC)fst01014601 
655 0 |a Electronic journals. 
710 2 |a Universidade Nove de Julho.  |b Departamento de Ciências da Saúde. 
776 0 8 |i Print version:  |t ConScientiae saúde  |x 1677-1028 
856 4 0 |z Full text available from Research Library: 01/01/2012 to present  |u https://search.proquest.com/publication/2032733